El uso de los medios de comunicación en marketing y publicidad /

Tallennettuna:
Bibliografiset tiedot
Päätekijä: Martínez Ramos, Emilio (autor)
Aineistotyyppi: Kirja
Kieli:espanja
Julkaistu: Madrid, España : Akal, 1992, c1992
Sarja:(Akal Comunicación ; 8)
Aiheet:
Tagit: Lisää tagi
Ei tageja, Lisää ensimmäinen tagi!

MARC

LEADER 00000nam^a2200000^a^4500
001 000168201
005 20250521000000.0
009 20260310101154.715
020 |a 84-7600-728-0 
037 |a Acervo ITESO - Biblioteca 
041 |a ESP 
082 |a 302. 2304  |b MAR 
100 |a Martínez Ramos, Emilio  |e (autor) 
245 1 3 |a El uso de los medios de comunicación en marketing y publicidad /  |c E. Martínez Ramos. 
264 4 |a Madrid, España :  |b Akal,  |c 1992, c1992 
300 |a 270 p. 
336 |a texto  |b txt  |2 rdacontenido 
337 |a sin mediación  |b n  |2 rdamedio 
338 |a volumen  |b nc  |2 rdasoporte 
440 1 |a (Akal Comunicación ;  |v 8) 
649 |a XX 
650 |a Público 
650 |a Recepción y Apropiación de la Comunicación 
650 |a Planeación de la Comunicación 
650 |a Proceso de Comunicación 
650 |a Medios de Comunicación -  |x Función Publicitaria 
650 |a Comunicación Masiva 
650 |a Publicidad 
650 |a Promoción del Producto 
650 |a Mezcla de Mercadotecnia 
650 |a Segmentación del Mercado 
650 |a Investigación de Mercado 
650 |a Mercadotecnia 
650 |a Sociología de la Comunicación 
910 |a Fondo General 
920 |a Impresos - Libros 
930 |a Colección General 
905 |a 101 
901 |a 0500104286  |b IT1  |c ACC  |u 20250521 
902 |a https://opac.biblio.iteso.mx/vufind/Record/000168201